000 01373nam a2200313 4500
001 0000014805
003 CO-CtgCURN
005 20250429224014.0
007 ta
008 160627s2004 000 0 eng d
020 _a8471336928
040 _aCO-CtgCURN
_bspa
_ccoctgcurn
082 0 _a370.118
_bB393
100 1 _aBeetlestone, Florence.
245 1 0 _aNiños creativos, enseñanza imaginativa /
_cFlorence Beetlestone.
250 _a2a ed.
260 _aMadrid :
_bLa Muralla,
_c2004.
300 _a182 p : il.
336 _2rdacontent
337 _2rdamedia
_asin mediacion
_bn
338 _2rdacarrier
_avolumen
_bnc
490 1 _aAula Abierta
504 _aBibliografia (p. 177-182)
505 8 _aTodo este alboroto con respecto a la creatividad esta muy bien, pero,·Que pasa con los conocimientos basicos? Creatividad y aprendizaje.--No pueden ser todos creativos, verdad? Creatividad e igualdad de oportunidades.--Destruye todo lo que hace. El proceso creativo y el producto.--No se si se trata de una niña mala o de una inconformista. Creatividad i imaginacion.--Yo misma no soy creativa.--La vida, el universo, y las flores de girasol. Creatividad y naturaleza
650 1 4 _aAptitud creadora en niños.
908 _a160627
942 _cBK
_h370.118
_iB393
_2ddc
999 _c35080
_d35080